|
|
|
|
| LEADER |
00000nam a22000007a 4500 |
| 005 |
20120704183456.0 |
| 007 |
cr|||| |||| |
| 008 |
120704s2005 pe |||||s|||| 00| 0 spa d |
| 020 |
|
|
|a 9972-224-07-4
|
| 035 |
|
|
|a 6482
|
| 040 |
|
|
|a vLex
|
| 090 |
|
|
|c 3264
|d 3264
|
| 100 |
1 |
|
|a Přez Luǫ, Antonio-Enrique
|
| 245 |
1 |
0 |
|a Trayectorias contemporǹeas de la Filosofa̕ y la Teora̕ del Derecho
|h [Recurso electrn̤ico] /
|c Antonio-Enrique Přez Luǫ
|
| 256 |
|
|
|a Servicio en ln̕ea
|
| 260 |
|
|
|a Lima :
|b Editorial Palestra,
|c 2005
|
| 300 |
|
|
|a 1 recurso electrn̤ico
|
| 506 |
1 |
|
|a Contenido solo disponible en los productos indicados
|d vLex Global
|d vLex Global (Academic Edition, excluding Law Schools)
|d vLex Global (U.S. Academic Edition, Law Schools)
|d vLex Global (U.S. Academic Edition, excluding Law Schools)
|d vLex Global (Academic Edition, Law Schools)
|
| 650 |
0 |
4 |
|a Derecho
|x Filosofia
|z Per︢
|
| 740 |
0 |
|
|a vLex Libros (Servicio en ln̕ea)
|
| 856 |
4 |
0 |
|u http://vlex.com/source/trayectorias-contemporaneas-filosofia-teoria-derecho-6482
|z Acceso restringido
|
| 942 |
|
|
|c BOOK
|
| 999 |
0 |
|
|a Law--Philosophy
|